| 000 | 00654nam a22001337a 4500 | ||
|---|---|---|---|
| 040 | _cRUA | ||
| 082 | _aAGR PIC 2015 B521 Or. | ||
| 100 | _aPICH PHEAKDEY; ពេជ្រ ភក្ដី | ||
| 245 | _aComparison the yield and growth of maize varieties confectionery BT 566, CP 888, LVN 10, leung mongkorl and kwangyeongpk; ប្រៀបធៀបទិន្នផល និងកាតលូតលាស់ពូជពោតក្រហមចំណីសត្វ BT566, CP 888, LVN 10, លឿងមង្គល និង Kwangpyeongok | ||
| 260 |
_aPhnom Penh _bRUA _c2015 |
||
| 300 |
_axi; 72; _bill; _c29cm; |
||
| 856 | _uPICH PHEAKDEY | ||
| 942 | _cAGR | ||
| 999 |
_c10696 _d10696 |
||